Estadísticas para Equipos participantes en la UEFA Champions League

Haz click aquí para intentar la prueba.

Estadísticas generales

  • Esta prueba ha sido intentada 3.459 veces
    (2.096 desde el último reinicio)
  • La puntuación promedio es 56 de 149

Estadísticas de respuestas

Respuesta% Correcto
Real Madrid
96%
Barcelona
95%
Bayern Munich
93%
Atlético de Madrid
92%
Sevilla
88%
Milan
85%
Inter Milan
84%
Paris Saint Germain
84%
Manchester City
83%
Manchester United
83%
Valencia
83%
Borussia Dortmund
82%
Juventus
81%
Real Sociedad
78%
Betis
76%
Liverpool
76%
Chelsea
75%
Roma
75%
Arsenal
73%
Olympique Marsella
73%
Athletic Bilbao
72%
Olympique Lyon
72%
Ajax
71%
Benfica
70%
Oporto
69%
Bayer Leverkusen
67%
Deportivo
66%
Celtic Glasgow
65%
Nápoles
65%
Villarreal
65%
PSV
64%
Tottenham
64%
Sporting Lisboa
62%
Lazio
61%
Málaga
61%
Glasgow Rangers
60%
RB Leipzig
58%
Brujas
57%
Galatasaray
55%
Dinamo Zagreb
53%
Olympiakos
53%
Newcastle
51%
Unión Berlín
51%
Dinamo Kiev
50%
Feyenoord
49%
Mónaco
49%
Schalke 04
49%
Fiorentina
47%
Estrella Roja
46%
Hamburgo
46%
Atalanta
45%
Braga
45%
Copenhague
45%
Shakhtar Donetsk
45%
Borussia Monchengladbach
44%
Leicester
44%
Salzburgo
44%
Lille
43%
Zenit
42%
Wolfsburgo
40%
Mallorca
39%
Sheriff Tiraspol
39%
Young Boys
39%
Celta de Vigo
38%
Malmo
38%
Lens
37%
Anderlecht
36%
APOEL
36%
Panathinaikos
36%
Amberes
35%
Besiktas
35%
Rapid Viena
35%
CSKA Moscú
34%
Werder Bremen
34%
AEK Atenas
33%
Astaná
30%
AZ Alkmaar
29%
Genk
29%
Parma
29%
Basilea
28%
Fenerbahce
28%
Nantes
28%
Spartak Moscú
28%
Steaua Bucarest
28%
Stuttgart
28%
Hertha Berlin
27%
Maccabi Haifa
27%
Legia Varsovia
26%
Rennes
26%
Eintracht Frankfurt
25%
Leeds
25%
Maccabi Tel Aviv
24%
Qarabag
24%
Sparta Praga
24%
Austria Viena
23%
Montpellier
23%
Molde FK
22%
Slavia Praga
22%
Udinese
21%
Zurich
21%
Ferencvaros
20%
Hoffenheim
19%
Partizan
19%
BATE Borisov
18%
Boavista
18%
Lokomotiv Moscú
18%
Twente
18%
Auxerre
17%
Gante
17%
Girondins Burdeos
17%
Hajduk Split
16%
HJK Helsinki
16%
Ludogorets
16%
Rosenborg
16%
Viktoria Pilsen
16%
Blackburn
15%
Cluj
15%
Standard Lieja
15%
Maribor
14%
Rubin Kazan
13%
Krasnodar
12%
Trabzonspor
12%
Hapoel Tel Aviv
11%
Kaiserslautern
11%
Sturm Graz
11%
AIK Solna
10%
Brondby
10%
Estambul Basaksehir
10%
Goteborg
10%
Aalborg
9%
Grasshopper
8%
Levski Sofia
8%
Midtjylland
8%
Rostov
8%
Bursaspor
7%
Heerenveen
7%
Nordsjaelland
7%
Willem II
7%
Anorthosis
6%
Kosice
5%
Lodz
5%
Otelul Galati
5%
Zilina
5%
Debreceni
4%
Lierse
4%
Thun
4%
Unirea Urziceni
4%
Helsingborgs
3%
Petrzalka
3%

Distribución de puntuación

Porcentaje por número respondido

Porcentaje de gente con cada puntuación

Historial de tus puntuaciones

No has intentado esta prueba desde el último reinicio